000 00300 a2200109 4500
001 ART_37925
005 20260410161738.0
008 260409a
245 1 0 _aTrabajo agrario o rural
100 1 _aNápoli, Rodolfo A.
773 0 _tDoctrina laboral
_g- Nº 368 (abr. 2016)
_wREV4049
999 _c18459
_d18459